Gaming Quiz

Random Gaming or Nintendo Quiz

Normal-type Pokémon by category name Quiz Stats

Quiz not verified by Sporcle

Challenge
Share
Tweet
Score 0/109 Timer 15:00
0 Plays Today
Category Pokémon % Correct
Tiny Bird PokémonPidgey
87.6%
Transform PokémonDitto
86.9%
Owl PokémonHoothoot
86.9%
Owl PokémonNoctowl
86.9%
Bird PokémonPidgeot
86.9%
Bird PokémonPidgeotto
86.9%
Mouse PokémonRattata
86.9%
Triple Bird PokémonDodrio
86.2%
Twin Bird PokémonDoduo
86.2%
Evolution PokémonEevee
86.2%
Big Voice PokémonLoudred
86.2%
Virtual PokémonPorygon
85.5%
Virtual PokémonPorygon2
85.5%
Virtual PokémonPorygon-Z
85.5%
Mouse PokémonRaticate
85.5%
Whisper PokémonWhismur
85.5%
Plump Mouse PokémonBidoof
84.8%
Egg PokémonChansey
84.8%
Loud Noise PokémonExploud
84.8%
Beak PokémonFearow
84.8%
Sleeping PokémonSnorlax
84.8%
Wild Bull PokémonTauros
84.8%
Alpha PokémonArceus
84.1%
Balloon PokémonJigglypuff
84.1%
Milk Cow PokémonMiltank
84.1%
Tiny Bird PokémonSpearow
84.1%
Balloon PokémonWigglytuff
84.1%
Tiny Raccoon PokémonZigzagoon
84.1%
Kitten PokémonSkitty
83.4%
Starling PokémonStarly
83.4%
Beaver PokémonBibarel
82.8%
Weather PokémonCastform
82.8%
Licking PokémonLickitung
82.8%
Happiness PokémonBlissey
82.1%
Prim PokémonDelcatty
82.1%
Wild Duck PokémonFarfetch'd
82.1%
Balloon PokémonIgglybuff
82.1%
Category Pokémon % Correct
Parent PokémonKangaskhan
82.1%
Rushing PokémonLinoone
82.1%
Scout PokémonSentret
82.1%
Predator PokémonStaraptor
82.1%
Long Tail PokémonAipom
81.4%
Long Body PokémonFurret
81.4%
Lazy PokémonSlaking
81.4%
Spot Panda PokémonSpinda
81.4%
Rabbit PokémonBuneary
80.7%
Big Eater PokémonMunchlax
80.7%
Scratch Cat PokémonMeowth
80%
Classy Cat PokémonPersian
80%
Slacker PokémonSlakoth
80%
Digging PokémonBunnelby
79.3%
Loyal Dog PokémonHerdier
79.3%
Licking PokémonLickilicky
79.3%
Rabbit PokémonLopunny
79.3%
Starling PokémonStaravia
79.3%
Puppy PokémonLillipup
78.6%
Painter PokémonSmeargle
78.6%
Swallow PokémonSwellow
78.6%
Little Bear PokémonTeddiursa
78.6%
Hibernator PokémonUrsaring
78.6%
Cannon PokémonToucannon
78.3%
Long Tail PokémonAmbipom
77.9%
Music Note PokémonChatot
77.9%
Digging PokémonDiggersby
77.9%
Lion Cub PokémonLitleo
77.9%
Tiny Swallow PokémonTaillow
77.9%
Woodpecker PokémonPikipek
77.9%
Bash Buffalo PokémonBouffalant
77.2%
Tiny Robin PokémonFletchling
77.2%
Long Neck PokémonGirafarig
77.2%
Playhouse PokémonHappiny
77.2%
Color Swap PokémonKecleon
77.2%
Poodle PokémonFurfrou
76.6%
Wild Monkey PokémonVigoroth
76.6%
Category Pokémon % Correct
Lookout PokémonWatchog
75.9%
Season PokémonDeerling
75.2%
Big-Hearted PokémonStoutland
75.2%
Cotton Bird PokémonSwablu
75.2%
Valiant PokémonBraviary
74.5%
Eaglet PokémonRufflet
74.5%
Land Snake PokémonDunsparce
73.8%
Tiny Pigeon PokémonPidove
73.8%
Royal PokémonPyroar
73.1%
Proud PokémonUnfezant
73.1%
Catty PokémonGlameow
72.4%
Scout PokémonPatrat
72.4%
Wild Pigeon PokémonTranquill
72.4%
Chinchilla PokémonMinccino
71.7%
Season PokémonSawsbuck
71.7%
Cat Ferret PokémonZangoose
71.7%
Bugle Beak PokémonTrumbeak
71.7%
Tiger Cat PokémonPurugly
71%
Melody PokémonMeloetta
70.3%
Loitering PokémonYungoos
70.1%
Colossal PokémonRegigigas
69.7%
Scarf PokémonCinccino
69%
Generator PokémonHeliolisk
69%
Generator PokémonHelioptile
69%
Strong Arm PokémonBewear
68.8%
Stakeout PokémonGumshoos
68.8%
Synthetic PokémonSilvally
68.7%
Synthetic PokémonType: Null
68.6%
Hearing PokémonAudino
67.6%
Placid PokémonDrampa
67.5%
Big Horn PokémonStantler
66.9%
Drowsing PokémonKomala
66.2%
Polka Dot PokémonAzurill
62.8%
Flailing PokémonStufful
62.2%
Sage PokémonOranguru
60.3%

You're not logged in!

Compare scores with friends on all Sporcle quizzes.
Join for Free
OR
Log In

You Might Also Like...

Show Comments

Extras

Top Quizzes Today


Score Distribution

Your Account Isn't Verified!

In order to create a playlist on Sporcle, you need to verify the email address you used during registration. Go to your Sporcle Settings to finish the process.

Report this User

Report this user for behavior that violates our Community Guidelines.

Details: